| 000 | 00533nam a22001817a 4500 | ||
|---|---|---|---|
| 999 |
_c192317 _d192317 |
||
| 010 | _aENG-135120 | ||
| 020 |
_c750.00 _a9788193117227 |
||
| 035 | _aEN-118652 | ||
| 037 | _bDBAD / PUB | ||
| 082 | _a294.5 | ||
| 100 | _aChaturvedi,Santosh | ||
| 245 |
_aHinduism Pre-Vedic & Vedic Age / _cby Santosh Chaturvedi |
||
| 260 |
_bAnsh Publication _c2017 _aAllahabad |
||
| 270 |
_aIInd Floor,48/78/5 Lukerganj, _bAllahabad _e211001 |
||
| 300 |
_a240p. _c22cm(Hb) |
||
| 650 | _aSikhism | ||
| 942 |
_2ddc _cEN _mCHA _h294.5 |
||